[Event "AUT-ch Vor2 Internet"]
[Site "Playchess.com INT"]
[Date "2020.04.13"]
[Round "1"]
[White "Griessnig, Thomas"]
[Black "Kellner, Nikolaus"]
[Result "1/2-1/2"]
[WhiteElo "1895"]
[BlackElo "1685"]
[PlyCount "89"]
[EventDate "2020.04.13"]
[EventType "swiss (blitz)"]
[EventRounds "9"]
[EventCountry "AUT"]
[SourceTitle "CBM 195 Extra"]
[Source "ChessBase"]
[SourceDate "2020.05.31"]
[SourceVersion "1"]
[SourceVersionDate "2020.05.31"]
[SourceQuality "1"]

1. d4 f5 2. Bg5 g6 3. h4 Nf6 4. Bxf6 exf6 5. h5 g5 6. h6 d5 7. e3 Nc6 8. Qh5+ Ke7 9. a3 Be6 10. Bd3 Bf7 11. Qf3 Bg6 12. Bxf5 Bxf5 13. Qxf5 Qd7 14. Qxd7+ Kxd7 15. Nc3 Ne7 16. g4 c6 17. 0-0-0 Kc7 18. f4 Ng6 19. f5 Nh4 20. e4 Bxh6 21. exd5 Rhe8 22. dxc6 bxc6 23. Nf3 Re3 24. Nxh4 gxh4 25. Rxh4 Rh3+ 26. Rxh6 Rxh6 27. d5 Rd8 28. b4 Rh3 29. Ne4 Rxd5 30. Nxf6 Rxd1+ 31. Kxd1 Rxa3 32. Nxh7 Rg3 33. g5 Kd6 34. f6 Ke6 35. c4 Kf7 36. b5 cxb5 37. cxb5 Kg6 38. Nf8+ Kf7 39. Nd7 Rxg5 40. b6 axb6 41. Nxb6 Kxf6 42. Kd2 Ke5 43. Nd7+ Kd4 44. Nb6 Rg2+ 45. Kc1 1/2-1/2

[Event "AUT-ch Vor2 Internet"]
[Site "Playchess.com INT"]
[Date "2020.04.13"]
[Round "4"]
[White "Wimmer, Kevin"]
[Black "Griessnig, Thomas"]
[Result "1-0"]
[WhiteElo "1944"]
[BlackElo "1895"]
[PlyCount "59"]
[EventDate "2020.04.13"]
[EventType "swiss (blitz)"]
[EventRounds "9"]
[EventCountry "AUT"]
[SourceTitle "CBM 195 Extra"]
[Source "ChessBase"]
[SourceDate "2020.05.31"]
[SourceVersion "1"]
[SourceVersionDate "2020.05.31"]
[SourceQuality "1"]

1. e4 e6 2. d4 d5 3. Nd2 Nf6 4. e5 Nfd7 5. Bd3 c5 6. c3 Nc6 7. Ne2 Qb6 8. Nf3 Be7 9. 0-0 0-0 10. Bd2 cxd4 11. cxd4 f6 12. exf6 Nxf6 13. Re1 Bd7 14. Nc3 Nxd4 15. Ne5 Bd6 16. Nxd7 Nxd7 17. Be3 Bc5 18. Na4 Qb4 19. Nxc5 Nxc5 20. Bxd4 Nxd3 21. Qxd3 Rae8 22. Re5 Rf4 23. Bc3 Qf8 24. f3 Rd8 25. Rae1 d4 26. Bd2 Rg4 27. fxg4 Rc8 28. Qxd4 Rc2 29. Bc3 b5 30. Rxe6 1-0

[Event "AUT-ch Vor1 Internet"]
[Site "Playchess.com INT"]
[Date "2020.04.11"]
[Round "4"]
[White "Schroettner, Tobias Julian"]
[Black "Griessnig, Thomas"]
[Result "1-0"]
[WhiteElo "1503"]
[BlackElo "1895"]
[PlyCount "65"]
[EventDate "2020.04.11"]
[EventType "swiss (blitz)"]
[EventRounds "9"]
[EventCountry "AUT"]
[SourceTitle "CBM 195 Extra"]
[Source "ChessBase"]
[SourceDate "2020.05.31"]
[SourceVersion "1"]
[SourceVersionDate "2020.05.31"]
[SourceQuality "1"]

1. e4 e6 2. d4 d5 3. exd5 exd5 4. Nf3 Nc6 5. Bd3 Bg4 6. c3 Bd6 7. Bg5 Nge7 8. Nbd2 Qd7 9. Qc2 0-0-0 10. 0-0-0 f6 11. Bh4 g5 12. Bg3 h5 13. Rde1 Nf5 14. Bxd6 Nxd6 15. h3 Bf5 16. Re2 Bxd3 17. Qxd3 Rde8 18. Rhe1 g4 19. Ng1 f5 20. hxg4 hxg4 21. Nb3 b6 22. Nd2 Kb8 23. f3 Rh2 24. fxg4 fxg4 25. Rxe8+ Nxe8 26. Qg3 Rh1 27. Ne2 Rxe1+ 28. Qxe1 Nd6 29. Nf4 Qf5 30. g3 Ne4 31. Nf1 Na5 32. Ne3 Qe6 33. Nxe6 1-0

[Event "Feffernitz op 27th"]
[Site "Feffernitz"]
[Date "2018.08.19"]
[Round "2"]
[White "Griessnig, Thomas"]
[Black "Bures, Jaroslav"]
[Result "0-1"]
[WhiteElo "1933"]
[BlackElo "2413"]
[PlyCount "112"]
[EventDate "2018.08.19"]
[EventType "swiss"]
[EventRounds "9"]
[EventCountry "AUT"]
[SourceTitle "CBM 186 Extra"]
[Source "ChessBase"]
[SourceDate "2018.08.24"]
[SourceVersion "1"]
[SourceVersionDate "2018.08.24"]
[SourceQuality "1"]

1. d4 Nf6 2. c4 c5 3. d5 b5 4. cxb5 a6 5. bxa6 g6 6. Nc3 Bxa6 7. e4 Bxf1 8. Kxf1 d6 9. g3 Bg7 10. Kg2 0-0 11. Nf3 Nbd7 12. a4 Ng4 13. Nd2 Bxc3 14. bxc3 Ngf6 15. Re1 Ra6 16. Nc4 Qa8 17. Bf4 Nxe4 18. Rxe4 Nf6 19. Re1 Nxd5 20. Qf3 Rxa4 21. Rxa4 Nxf4+ 22. gxf4 Qxa4 23. Qe4 Qd7 24. Nb6 Qg4+ 25. Kh1 Kg7 26. Rg1 Qe6 27. Re1 Qxe4+ 28. Rxe4 Rb8 29. Nd5 e6 30. Ne3 d5 31. Ra4 Rb3 32. c4 d4 33. Ng4 Rf3 34. Ne5 Rxf2 35. Nd3 Rf3 36. Ra3 Kf6 37. Kg2 Re3 38. Rb3 Kf5 39. Nxc5 Kxf4 40. Rxe3 Kxe3 41. Nb3 Ke4 42. Nd2+ Kf5 43. Kf3 e5 44. Ne4 h6 45. c5 Ke6 46. Nd6 f5 47. Nb7 e4+ 48. Ke2 Kd5 49. Kd2 Kc6 50. Nd8+ Kxc5 51. Ne6+ Kc4 52. Nf4 g5 53. Ne2 f4 54. h4 d3 55. hxg5 hxg5 56. Ng1 g4 0-1